[Event "Gebze op"]
[Site "Gebze"]
[Date "2013.10.05"]
[Round "5"]
[White "Anil, Ayhan"]
[Black "Ercan, Mehmet Fahri"]
[Result "0-1"]
[WhiteElo "1877"]
[BlackElo "2012"]
[PlyCount "98"]
[EventDate "2013.10.03"]
[EventType "swiss"]
[EventRounds "7"]
[EventCountry "TUR"]
[SourceTitle "CBM 157 Extra"]
[Source "ChessBase"]
[SourceDate "2013.12.19"]
[SourceVersion "1"]
[SourceVersionDate "2013.12.19"]
[SourceQuality "1"]

1. d4 Nf6 2. Nf3 e6 3. Bf4 b6 4. e3 Be7 5. Be2 0-0 6. h3 Bb7 7. Nbd2 c5 8. 0-0 d5 9. c4 Nc6 10. a3 h6 11. Rc1 cxd4 12. exd4 dxc4 13. Nxc4 Nd5 14. Bg3 a6 15. Qd2 Rc8 16. Rfd1 Re8 17. Nce5 Nxe5 18. Bxe5 Bf6 19. Rxc8 Qxc8 20. Rc1 Qa8 21. Bf1 Rc8 22. Rc4 b5 23. Rc5 Be7 24. Rc2 Nb6 25. Qc1 Rxc2 26. Qxc2 Qc8 27. Qxc8+ Bxc8 28. Bd3 Bb7 29. Nd2 Bg5 30. f4 Be7 31. Nb3 Na4 32. Be2 Bd5 33. Nc5 Nxc5 34. dxc5 Bxc5+ 35. Kf1 f6 36. Bc3 Kf7 37. Bd3 Ke7 38. h4 Kd6 39. h5 Bc4 40. Ke2 Kd5 41. Kd2 Bxd3 42. Kxd3 e5 43. g3 e4+ 44. Kc2 Kc4 45. b3+ Kd5 46. Bb2 Bd4 47. Bc1 f5 48. Bd2 Bf2 49. Kc3 e3 0-1